000 00364nam a22001697a 4500
005 20241122115224.0
008 241122b |||||||| |||| 00| 0 eng d
020 _a9789388267908
040 _a04
082 _a345.06
100 _aDR AVTAR SINGH
245 _aTHE LAW OF EVIDENCE
260 _aCLP
300 _a648
650 _aEVIDENCE LAW
942 _c02
999 _c64631
_d64631